00210nam a2200085Ia 4500008004100000100001900041245003300060260002500093300000600118210107s9999 xx 000 0 und d aWempen, Faithe 0aLotus Smartsuite in 24 Hours aNew DelhibTechmedia a0